00641nam a2200193 i 450000100060000000300090000600500170001500700030003200800410003504000200007610000360009624501190013226000410025130000400029265000250033270000240035770000440038185200220042554252ES-MaACL20250721143716.0t|960716s1894 fr ||||1| fre d aCAM bspa cCAM1 aFlammarion, Camille,d1842-192513aLa fin du monde / cCamille Flammarion ; illustrations par Jean-Paul Laurens ... [et al.] ; gravure par Méaulle. aParis : bErnest Flammarion, c1894. a[6], 385, [2] p. : bil. ; c24 cm.07aFin del mundo2embne0 aLaurens, Jean-Paul.1 aMéaulle, Fortuné Louis, d1844-1901 aES-MaACLjG-11887